000 00511nam a2200205Ia 4500
001 5316
003 GE_BSU
008 181216s||||||||xx |||||||||||||| ||und||
040 _cGE_BSU
080 _a514(092)
100 _aБоголюбов, А.Н.
245 _aГаспар Монж. 1946-1818
245 _cРед. В.А. Никифоровский.
260 _aМосква
260 _bНаука
260 _c1978
300 _a182 с. 20 см.
653 _aГаспар Монж.
942 _cBK
999 _c38901
_d38901